Public accountability and transparency: the imperatives of good governance (Record no. 401579)

000 -LEADER
fixed length control field 00502cam a22001577a 4500
008 - FIXED-LENGTH DATA ELEMENTS--GENERAL INFORMATION
fixed length control field 180718b2003 xxu||||| |||| 00| 0 eng d
020 ## - INTERNATIONAL STANDARD BOOK NUMBER
International Standard Book Number 8125025154
082 ## - DEWEY DECIMAL CLASSIFICATION NUMBER
Classification number B3x54 G541
100 ## - MAIN ENTRY--PERSONAL NAME
Personal name Godbole, Madhav
245 ## - TITLE STATEMENT
Title Public accountability and transparency: the imperatives of good governance
Statement of responsibility, etc. by Madhav Godbole
260 ## - PUBLICATION, DISTRIBUTION, ETC.
Place of publication, distribution, etc. New Delhi
Name of publisher, distributor, etc. Orient Longman
Date of publication, distribution, etc. 2003
300 ## - PHYSICAL DESCRIPTION
Extent 408p.
650 ## - SUBJECT ADDED ENTRY--TOPICAL TERM
Topical term or geographic name entry element Governance - India.
650 ## - SUBJECT ADDED ENTRY--TOPICAL TERM
Topical term or geographic name entry element Corporate governance - India
650 ## - SUBJECT ADDED ENTRY--TOPICAL TERM
Topical term or geographic name entry element Public administration - India
Holdings
Withdrawn status Lost status Damaged status Not for loan Permanent Location Current Location Date acquired Full call number Barcode Date last seen Price effective from Koha item type
        Indian Institute of Public Administration Indian Institute of Public Administration 2003-08-18 B3x54 G541 78668 2018-07-21 2018-07-21 Book

Powered by Koha